Statistics for Flags with the Most Colours

Click here to take the quiz!

General Stats

  • This quiz has been taken 28 times
  • The average score is 4 of 10

Answer Stats

Number of ColoursCountry% Correct
6South Africa
79%
43Ecuador
58%
19Belize
50%
7Haiti
42%
8Guatemala
29%
8Equatorial Guinea
25%
7Fiji
25%
6Portugal
25%
6Paraguay
21%
6South Sudan
4%

Score Distribution

Percentile by Number Answered

Percent of People with Each Score

Your Score History

You have not taken this quiz